Vista normal Vista MARC

Entrada Topical Term

Número de registros utilizados en: 1

001 - CONTROL NUMBER

  • control field: 36864

003 - CONTROL NUMBER IDENTIFIER

  • control field: OSt

005 - DATE AND TIME OF LATEST TRANSACTION

  • control field: 20210414181033.0

008 - FIXED-LENGTH DATA ELEMENTS

  • fixed length control field: 210414|| aca||aabn | a|a d

040 ## - CATALOGING SOURCE

  • Original cataloging agency: OSt
  • Transcribing agency: OSt

150 ## - HEADING--TOPICAL TERM

  • Topical term or geographic name entry element: Presidentes
  • General subdivision: Literatura juvenil
  • Geographic subdivision: Sudáfrica

670 ## - SOURCE DATA FOUND

  • Source citation: Work cat.: (OSt): Degnan-Veness, Coleen, autora 36860, Nelson Mandela / , 2001